An activities approach to Microsoft Works for teachers : (Record no. 175205)
[ view plain ]
| 000 -LEADER | |
|---|---|
| fixed length control field | 00901 a2200229 4500 |
| 003 - CONTROL NUMBER IDENTIFIER | |
| control field | Nust |
| 005 - DATE AND TIME OF LATEST TRANSACTION | |
| control field | 20221006142919.0 |
| 010 ## - LIBRARY OF CONGRESS CONTROL NUMBER | |
| LC control number | 94071687 |
| 020 ## - INTERNATIONAL STANDARD BOOK NUMBER | |
| International Standard Book Number | 1561343102 : |
| 035 ## - SYSTEM CONTROL NUMBER | |
| System control number | (OCoLC)34053626 |
| 040 ## - CATALOGING SOURCE | |
| Transcribing agency | Nust |
| 082 00 - DEWEY DECIMAL CLASSIFICATION NUMBER | |
| Classification number | 005.43,HIG |
| 100 1# - MAIN ENTRY--PERSONAL NAME | |
| Personal name | Higginbotham, Timothy E. |
| 9 (RLIN) | 66604 |
| 245 13 - TITLE STATEMENT | |
| Title | An activities approach to Microsoft Works for teachers : |
| Remainder of title | Macintosh version / |
| Statement of responsibility, etc. | Timothy E. Higginbotham. |
| 246 30 - VARYING FORM OF TITLE | |
| Title proper/short title | Microsoft Works for teachers |
| 260 ## - PUBLICATION, DISTRIBUTION, ETC. | |
| Place of publication, distribution, etc. | Madison, Wis. : |
| Name of publisher, distributor, etc. | Brown & Benchmark, |
| Date of publication, distribution, etc. | c1996. |
| 300 ## - PHYSICAL DESCRIPTION | |
| Extent | vi, 458 p. : |
| Other physical details | ill. ; |
| Dimensions | 24 cm. + |
| Accompanying material | 1 computer disk (3 1/2 in.). |
| 505 ## - FORMATTED CONTENTS NOTE | |
| Formatted contents note | Part-1: Introduction (Page-3), Part-2: Word Processing (Page-36),Part-3: Spreadsheets (Page-135), Part-4: Database (Page-276), Part-5: Additional Applications (Page-369). |
| 650 #0 - SUBJECT ADDED ENTRY--TOPICAL TERM | |
| Topical term or geographic name entry element | Integrated software. |
| 9 (RLIN) | 94386 |
| 650 #0 - SUBJECT ADDED ENTRY--TOPICAL TERM | |
| Topical term or geographic name entry element | Macintosh (Computer) |
| 9 (RLIN) | 95167 |
| 942 ## - ADDED ENTRY ELEMENTS (KOHA) | |
| Koha item type | Book |
| Source of classification or shelving scheme | |
| Call number prefix | 005.43,HIG |
| Withdrawn status | Lost status | Source of classification or shelving scheme | Damaged status | Not for loan | Permanent Location | Current Location | Shelving location | Date acquired | Full call number | Barcode | Date last seen | Price effective from | Koha item type | Public note |
|---|---|---|---|---|---|---|---|---|---|---|---|---|---|---|
| Military College of Signals (MCS) | Military College of Signals (MCS) | General Stacks | 12/12/2016 | 005.43,HIG | MCS26487 | 12/08/2016 | 12/12/2016 | Book | Almirah No.6, Shelf No.2 |
